000 00211nam a22000857a 4500
008 170228b xxu||||| |||| 00| 0 eng d
100 _92942
_aBhatat
245 _aDr. Bheem raw Ambedkar
260 _aNew Delhi
_bRPB
_c2007
999 _c6184
_d6184